00536nam a2200169Ia 4500003000900000008004100009020001800050040001600068080001500084100002100099245010100120260003900221300001500260490005200275650002000327650001900347IN-BaIIA211028s9999 xx 000 0 eng d a0-7167-0329-7 cIIA Library a52-77bPAC aPacholczyk, A. G 0aRadio astrophysicsbnonthermal processes in galactic and extragalactic sourcescA. G. Pacholczyk aSan FranciscobW. H. Freemanc1970 axxi, 269p. aA series of books in astronomy and astrophysics aRadio astronomy aRadio galaxies